L'Exposition de Paris (1900) / (Record no. 171155)

MARC details
000 -LEADER
campo de control de longitud fija 01228nas a2200301 i 4500
001 - NÚMERO DE CONTROL
campo de control 171155
003 - IDENTIFICADOR DE NÚMERO DE CONTROL
campo de control ES-MaACL
005 - FECHA Y HORA DE LA ÚLTIMA TRANSACCIÓN
campo de control 20230906214544.0
007 - CAMPO FIJO DE DESCRIPCIÓN FÍSICA--INFORMACIÓN GENERAL
campo de control de longitud fija t|
008 - DATOS DE LONGITUD FIJA--INFORMACIÓN GENERAL
campo de control de longitud fija 090430s18991900fr a| o|0 0||re d
080 ## - NÚMERO DE LA CLASIFICACIÓN DECIMAL UNIVERSAL
Número de la Clasificación Decimal Universal 061.41(443.6)"1900"
111 2# - ENTRADA PRINCIPAL--NOMBRE DE CONGRESO/REUNIÓN
Nombre de congreso/reunión o jurisdicción como elemento de entrada Exposición Universal (
Fecha del congreso o de la firma del tratado 1900.
Sede del congreso/Lugar de la reunión París)
9 (RLIN) 160391
245 12 - MENCIÓN DEL TÍTULO
Título L'Exposition de Paris (1900) /
Mención de responsabilidad, etc. publiée avec la collaboration d'écrivains spéciaux et des meilleurs artistes.
246 35 - FORMA VARIANTE DEL TITULO
Título propio/Titulo breve Encyclopédie du siècle
Resto del título : L'Exposition de Paris de 1900
260 ## - PUBLICACIÓN, DISTRIBUCIÓN, ETC.
Lugar de publicación, distribución, etc. Paris :
Nombre del editor, distribuidor, etc. Montgredien et Cie.,
Fecha de publicación, distribución, etc. [1899-1900] (
Fabricante Impr. Lahure)
300 ## - DESCRIPCIÓN FÍSICA
Extensión 3 v. (h. de lám. col. y n.) :
Otras características físicas il., grab., planos ;
Dimensiones 39 cm.
362 1# - FECHAS DE PUBLICACIÓN Y/O DESIGNACIÓN SECUENCIAL
Fecha de publicación y/o designación secuencial 1e partie, N.1-6e partie, n.120.
490 1# - MENCIÓN DE SERIE
Mención de serie Encyclopédie du siècle
515 ## - NOTA DE PECULIARIDADES DE LA NUMERACIÓN
Nota de peculiaridades de la numeración Los fascículos del v. III numerados del 1 al 40; conservan también la numeración original.
611 2# - PUNTO DE ACCESO ADICIONAL DE MATERIA--NOMBRE DE REUNIÓN/CONGRESO
Nombre de congreso/reunión o jurisdicción como elemento de entrada Exposición Universal.
Fecha del congreso o de la firma del tratado 1900.
Sede del congreso/Lugar de la reunión París)
9 (RLIN) 160391
650 #4 - PUNTO DE ACCESO ADICIONAL DE MATERIA--TÉRMINO DE MATERIA
Término de materia o nombre geográfico como elemento de entrada Exposiciones-
Subdivisión geográfica París.
9 (RLIN) 140005
655 #7 - TERMINO DE INDIZACIÓN--GENERO/FORMA
Fuente del término tgfbne
9 (RLIN) 193628
Datos o término principal de género/forma Catálogos de exposiciones
700 1# - ENTRADA AGREGADA--NOMBRE PERSONAL
Nombre de persona Picard, Alfred.
9 (RLIN) 91769
830 0# - PUNTO DE ACCESO ADICIONAL DE SERIE-TÍTULO UNIFORME
Título uniforme Encyclopédie du siècle
9 (RLIN) 223155
852 4# - LOCALIZACIÓN
Ubicación ES-MaACL
Número de control de estantería Z-6
Signatura antigua Olim: Hem-44
942 ## - ELEMENTOS DE ENTRADA SECUNDARIOS (KOHA)
Fuente del sistema de clasificación o colocación Clasificación decimal universal
Holdings
Estatus retirado Estado de pérdida Fuente del sistema de clasificación o colocación Estado de daño No para préstamo Colección Biblioteca de origen Biblioteca actual Ubicación en estantería Fecha de adquisición Total de préstamos Signatura topográfica completa Código de barras Visto por última vez Precio de reemplazo Tipo de ítem Koha
    Clasificación decimal universal     Periódicos y Revistas Biblioteca del Ateneo de Madrid Biblioteca del Ateneo de Madrid Depósito 30/04/2009   Z-6 1179620 23/02/2023 23/02/2023 Revista